<?xml version="1.0" encoding="UTF-8"?><?xml-stylesheet type="text/xsl" href="static/style.xsl"?><OAI-PMH xmlns="http://www.openarchives.org/OAI/2.0/" xmlns:xsi="http://www.w3.org/2001/XMLSchema-instance" xsi:schemaLocation="http://www.openarchives.org/OAI/2.0/ http://www.openarchives.org/OAI/2.0/OAI-PMH.xsd"><responseDate>2026-06-06T19:09:51Z</responseDate><request verb="GetRecord" identifier="oai:riuma.uma.es:10630/23559" metadataPrefix="marc">https://riuma.uma.es/rest/oai/request</request><GetRecord><record><header><identifier>oai:riuma.uma.es:10630/23559</identifier><datestamp>2026-02-03T11:27:30Z</datestamp><setSpec>com_10630_2254</setSpec><setSpec>col_10630_37953</setSpec></header><metadata><record xmlns="http://www.loc.gov/MARC21/slim" xmlns:dcterms="http://purl.org/dc/terms/" xmlns:doc="http://www.lyncode.com/xoai" xmlns:xsi="http://www.w3.org/2001/XMLSchema-instance" xsi:schemaLocation="http://www.loc.gov/MARC21/slim http://www.loc.gov/standards/marcxml/schema/MARC21slim.xsd">
   <leader>00925njm 22002777a 4500</leader>
   <datafield ind2=" " ind1=" " tag="042">
      <subfield code="a">dc</subfield>
   </datafield>
   <datafield ind2=" " ind1=" " tag="720">
      <subfield code="a">García Reyes, Marcos</subfield>
      <subfield code="e">author</subfield>
   </datafield>
   <datafield ind2=" " ind1=" " tag="720">
      <subfield code="a">Bataller-Torras, Alex</subfield>
      <subfield code="e">author</subfield>
   </datafield>
   <datafield ind2=" " ind1=" " tag="720">
      <subfield code="a">Cabrera-Carrillo, Juan Antonio</subfield>
      <subfield code="e">author</subfield>
   </datafield>
   <datafield ind2=" " ind1=" " tag="720">
      <subfield code="a">Velasco García, Juan María</subfield>
      <subfield code="e">author</subfield>
   </datafield>
   <datafield ind2=" " ind1=" " tag="720">
      <subfield code="a">Castillo-Aguilar, Juan Jesús</subfield>
      <subfield code="e">author</subfield>
   </datafield>
   <datafield ind2=" " ind1=" " tag="260">
      <subfield code="c">2022-01-03</subfield>
   </datafield>
   <datafield ind2=" " ind1=" " tag="520">
      <subfield code="a">In the last years, a large number of new biocompatible materials for 3D printers have emerged. Due to their recent appearance and rapid growth, there is little information about their mechanical properties. The design and manufacturing of oral appliances made with 3D printing technologies require knowledge of the mechanical properties of the biocompatible material used to achieve optimal performance for each application. This paper focuses on analyzing the mechanical behaviour of a wide range of biocompatible materials using different additive manufacturing technologies. To this end, tensile and bending tests on different types of recent biocompatible materials used with 3D printers were conducted to evaluate the influence of the material, 3D printing technology, and printing orientation on the fragile/ductile behaviour of the manufactured devices. A test bench was used to perform tensile tests according to ASTM D638 and bending tests according to ISO 178. The specimens were manufactured with nine different materials and five manufacturing technologies. Furthermore, specimens were created with different printing technologies, biocompatible materials, and printing orientations. The maximum allowable stress, rupture stress, flexural modulus, and deformation in each of the tested specimens were recorded. Results suggest that specimens manufactured with Stereolithography (SLA) and milling (polymethyl methacrylate PMMA) achieved high maximum allowable and rupture stress values. It was also observed that Polyjet printing and Selective Laser Sintering (SLS) technologies led to load-displacement curves with low maximum stress and high deformation values. Specimens manufactured with Digital Light Processing (DLP) technology showed intermediate and homogeneous performance. Finally, it was observed that the printing direction significantly influences the mechanical properties of the manufactured specimens in some cases.</subfield>
   </datafield>
   <datafield ind1="8" ind2=" " tag="024">
      <subfield code="a">García Reyes, M., Bataller Torras, A., Cabrera Carrillo, J.A. et al. A study of tensile and bending properties of 3D-printed biocompatible materials used in dental appliances. J Mater Sci (2022). https://doi.org/10.1007/s10853-021-06811-3</subfield>
   </datafield>
   <datafield ind1="8" ind2=" " tag="024">
      <subfield code="a">https://hdl.handle.net/10630/23559</subfield>
   </datafield>
   <datafield ind1="8" ind2=" " tag="024">
      <subfield code="a">https://doi.org/10.1007/s10853-021-06811-3</subfield>
   </datafield>
   <datafield tag="653" ind2=" " ind1=" ">
      <subfield code="a">Materiales biomédicos</subfield>
   </datafield>
   <datafield tag="653" ind2=" " ind1=" ">
      <subfield code="a">Implantes dentales</subfield>
   </datafield>
   <datafield ind2="0" ind1="0" tag="245">
      <subfield code="a">A study of tensile and bending properties of 3D-printed biocompatible materials used in dental appliances</subfield>
   </datafield>
</record>
</metadata></record></GetRecord></OAI-PMH>